Rozpoznaj kraj po opisie - Statystyki

Ogólne statystyki
  • Ten quiz został rozwiązany 1 841 razy
  • Średni wynik to 9 z 15
Statystyki odpowiedzi
Opis Państwo % Poprawnych
Piąta najczęściej odwiedzana stolica w Europie. Kraj prawie całkowicie otoczony górami. Kraj w większości ateistyczny. Do niedawna tworzył jedno państwo z jednym ze swoich sąsiadów. Czechy
86%
Powierzchnia tego kraju zajmuje prawie 10 mln km2. Narodowym drzewem jest klon. W tym kraju został wymyślony Superman. Kanada
81%
30-40% mieszkańców prowadzi koczowniczy tryb życia. Najrzadziej zaludnione państwo świata. Jazda konna jest ważnym elementem kultury tego państwa. Mongolia
73%
Jedno z miast tego kraju leży na dwóch kontynentach. Jako jedyni na świecie nie uznali rozbiorów Polski. 99% mieszkanców wyznaje islam. Turcja
71%
System prawny oparty jest na prawie francuskim i islamskim. Największe państwo w Afryce. Ropa naftowa i gaz ziemny stanowią 98% eksportu. Algieria
63%
Ustrój polityczny to republika islamska. Za promowanie pornografii jest kara śmierci. Jeżeli dziewczyna jest molestowana lub szykowana, karana jest za to jej matka, ponieważ uznaje się, że źle wychowała córkę. Iran
62%
Ponad 10% narodowego dochodu pochodzi z produkcji narkotyków, głównie kokainy. Znajduje się tam najwięcej szmaragdów na świecie (60% światowych zasobów). W tym państwie jest stacja radiowa, która cały czas nadaje komunikaty zgłoszone przez rodziny porwanych osób. Kolumbia
61%
Kraj ten zamieszkuje około 10 000 Polaków. Pojedynki na pięści na ulicach są legalne. Kraj ten ma największą flotę ze wszystkich państw śródlądowych. Najbliższą stolicą w linii prostej od stolicy tego państwa jest Buenos Aires. Paragwaj
60%
Państwo te posiada najstarszy teatr publiczny w Europie. Posiada także na swoim obszarze ponad 1000 wysp, lecz zdecydowana mniejszczość jest zamieszkana. Walutą jest kuna. Chorwacja
59%
Walutą jest bat. Znajduje się tam największy na świecie posąg Buddy ze złota, mierzący 9,8 m wysokości. Z tego kraju pochodzą koty syjamskie. Jest to jedyny kraj w Azji Południowo-Wschodniej, który nigdy nie został skolonizowany przez europejskie narody. Tajlandia
54%
Narodowym owocem jest kiwi. W kraju tym jest ponad 47 milionów owiec, co daje średnio około 12 owiec na osobę. Taumatawhakatangihangakoauauotamateapokaiwhenuakitanatahu – czyli jedno ze wzgórz w tym państwie. Nowa Zelandia
51%
Państwo położone na Rogu Afryki. Około 11% społeczeństwa ma dostęp do internetu. W tym kraju nie ma ustalonej płacy minimalnej. Somalia
49%
Główną religią jest luteranizm. Kraj ten słynie z bardzo wielu wodospadów, jest ich około 10 000. Największą grupą obcokrajowców zamieszkujących ten kraj są Polacy. Islandia
42%
Najmniejsze państwo kontynentalnej Afryki. Podatek dochodowy w tym państwie wynosi 31%. W kraju tym obowiązkowa nauka trwa 6 lat. Gambia
36%
Pośród prawie siedmiu milionów mieszkańców rozróżnia się 841 języków. Języki urzędowe to angielski, tok pisin i hiri motu. Do niedawna praktykowany był tam kanibalizm. Papua- Nowa Gwinea
33%
Nie znaleziono quizów pasujących do podanych kryteriów
Rozkład punktacji
Procent ludzi z każdym wynikiem
Percentyl według liczby udzielonych odpowiedzi
Twoja historia wyników
Nie rozwiązałeś tego quizu